| 000 | 00748cam a22002414a 4500 | ||
|---|---|---|---|
| 001 | 12593121 | ||
| 005 | 20180126081207.0 | ||
| 008 | 011119s2002 txua 001 0 eng | ||
| 010 | _a 2001057630 | ||
| 020 | _a0940672723 | ||
| 040 |
_aDLC _cDLC _dDLC |
||
| 041 | _aeng | ||
| 042 | _apcc | ||
| 043 | _an-us-tx | ||
| 080 | _a641.5979 | ||
| 082 | 0 | 0 |
_a641.5979 AND _221 |
| 100 | 1 | _a10 | |
| 101 | _aNUT | ||
| 245 | 1 | 0 |
_aTexas on the plate / _cby Terry Thompson-Anderson ; food photography by Ralph Smith ; location photography by Bob Parvin. |
| 906 |
_a7 _bcbc _corignew _d1 _eocip _f20 _gy-gencatlg |
||
| 942 |
_2ddc _cBK |
||
| 999 |
_c41012 _d41012 |
||